| 000 | 00911nam a2200241 u 4500 | ||
|---|---|---|---|
| 005 | 20210223130327.0 | ||
| 008 | 071011s2007 r 000 0 eng d | ||
| 020 | _a9788496746039 | ||
| 035 | _aUPN01000152889 | ||
| 049 | _aCG | ||
| 050 | 4 |
_aPS3569 A9.6 _bA3 |
|
| 100 | 1 |
_aSaylor, Steven, _d1956- |
|
| 245 | 1 | 3 |
_aLa adivina de Roma / _cSteven Saylor ; tr. de Jorge Conde Peidró. |
| 260 |
_aBarcelona, Esp. : _bSwing, _cc2007. |
||
| 300 | _a350 p. | ||
| 440 | 0 |
_aSwing. _pNovela histórica |
|
| 500 | _a"El gran novelista de los misterios de la antigua Roma" "La adivina de Roma : intrigas y asesinatos en la capital del imperio" | ||
| 534 |
_pTítulo original: _tA mist of propheties |
||
| 650 | 4 |
_aMUJERES PROFETAS - _vNOVELA _911983 |
|
| 650 | 4 |
_aGORDIANO EL SABUESO (PERSONAJE FICTICIO) - _vNOVELA _911986 |
|
| 651 | 4 |
_aROMA - _xHISTORIA - _yGUERRA CIVIL, 49-45 A. C. - _vNOVELA _911997 |
|
| 905 | _aLibro | ||
| 999 |
_c125012 _d125012 |
||